00508nam a2200145Ia 4500003000900000008004100009020002600050040001600076100002500092245005700117260003200174300002000206490003300226856010300259IN-BaIIA211028s9999 xx s 000 0 eng d a9780819445490 (Print) cIIA Library aFreund, Andreas, ed. 0aX-Ray Mirrors, Crystals, and Multilayers IIh[eBook] aWashington, USAbSPIEc2002 aOnline resource aProceedings of SPIE; V. 4782 uhttps://www.spiedigitallibrary.org/conference-proceedings-of-spie/4782yClick Here to Access eBook